书目信息 |
| 题名: |
树木经典图鉴
|
|
| 作者: | 徐晔春 主编 | |
| 分册: | ||
| 出版信息: | 长春 吉林科学技术出版社 2013 |
|
| 页数: | 278 | |
| 开本: | 19cm | |
| 丛书名: | ||
| 单 册: | ||
| 中图分类: | S71 | |
| 科图分类: | ||
| 主题词: | 林业--基础科学 | |
| 电子资源: | ||
| ISBN: | 7-5384-6671-3 | |
| 000 | 00550nam0 2200181 450 | |
| 001 | 1735846483 | |
| 005 | 20170410095726.48 | |
| 010 | @a7-5384-6671-3@d¥49.90 | |
| 100 | @a20170410d km y0chiy0120 ea | |
| 101 | 0 | @achi |
| 200 | 1 | @a树木经典图鉴@Ashu mu jing dian tu jian@f徐晔春主编@Fxu ye chun zhu bian |
| 210 | @a长春@c吉林科学技术出版社@d2013 | |
| 215 | @a278@c彩图@d19cm | |
| 606 | 0 | @a林业@x基础科学 |
| 690 | @aS71@v4 | |
| 701 | 0 | @a徐晔春@Axu ye chun@4主编 |
| 801 | 0 | @aCN@b大连网信软件有限公司图书馆·11@c20170410 |
| 905 | @b6603948@dS71@en2@f1 | |
| 树木经典图鉴/徐晔春主编.-长春:吉林科学技术出版社,2013 |
| 278:彩图;19cm |
| ISBN 7-5384-6671-3:¥49.90 |
| ● |
| 相关链接 |
|
|
|
|
正题名:树木经典图鉴
索取号:S71/n2
 
预约/预借
| 序号 | 登录号 | 条形码 | 馆藏地/架位号 | 状态 | 备注 |
| 1 | 6603948 | 266039486 | 密集书库-生命科学系/ [索取号:S71/n2] | 在馆 |